000 01489nam0a22002651 4500
001 v19\rc\1660207
005 20250619010049.0
035 _a(NLR Aleph) 004769778
090 _a4623191
_c4623191
100 _a20061002d1890 |||y0rusy50 ca
101 0 _arus
102 _aRU
105 _ay z |||||
200 1 _aПротокол Комиссии, избранной состоявшимся в заседании 10-го июля 1890 года Съездом представителей русских железных дорог прямых заграничных сообщений, созванным для обсуждения вопроса о регулировании ввозных через пограничные станции тарифов
_eС.-Петербург, с 16 по 21 июля 1890 г.
210 _aСанкт-Петербург
_dценз. 1890
215 _a12 с.
_d36
309 _aБез тит. л. и обл.
309 _aНаписано от руки. Литогр.
710 1 2 _aСъезд представителей русских ж. д., участвующих в прямых сухопутных и заморских международных сообщениях
_f1890
_eПетербург
_bКомиссия для регулирования ввозных тарифов
801 0 _aRU
_bNLR
_gpsbo
801 0 _aRU
_bRuMoRGB
_2psbo
801 1 _aRU
_bProSoft-M
_2rusmarc
852 _aNLR
_j18.308.1.301
942 _cBOOK
980 _aNB